| 000 | 00542nam a22001937a 4500 | ||
|---|---|---|---|
| 003 | CEME | ||
| 005 | 20210628203914.0 | ||
| 008 | 210305b xxu||||| |||| 00| 0 eng d | ||
| 020 | _a1-56205-363-9 | ||
| 040 | _c. | ||
| 082 | _a004.68 NIE'N | ||
| 100 |
_aNiedermiller-Chaffins, Debra _967795 |
||
| 245 | _aNetworking technologies , netware training guide | ||
| 250 | _a3RD | ||
| 260 |
_aINDIA _bNRP _c1994 |
||
| 300 | _aXXVI,1238 P | ||
| 650 |
_aNETWARE (COMPUTER FILE), LOCAL AREA NETWORKS (COMPUTER NETWORK) _967796 |
||
| 942 |
_cBK _2ddc |
||
| 999 |
_c575502 _d575502 |
||